000 01934nam a22002537a 4500
003 Uzh_bibl
008 260409b |||||||| |||| 00| 0 ukr d
020 _a5-333-00075-1
_c1.20
040 _aукр.
041 _2ukr
_aukr
080 _a821(477)
090 _a821(477)
_bП 55
100 _aПомазан, Антоніна
245 _aВийди з берегів
_hТекст
260 _aКиїв
_bРадянський письменник
_c1988
300 _a390 с.
_fВ опр.
520 _aМаруся Чумаченко — головна героїня повісті «Вийди з берегів»— у молодості покохала щиро і глибоко. Та ні вона, ні її обранець не змогли зберегти це почуття. Тому Маруся, яка віддалася за нелюба, гірко карається і мучиться. А чи не більше за неї страждають діти... Про людей складних доль, хто захистив землю від фашистської чуми і перед ким ми постійно в боргу, про святий обов'язок матері, яка мусить виховати дітей, ось про що твори цієї книжки.
521 _aДля широкого кола читачів
546 _aукр.
650 _aЛітературно-художнє видання
_yРоки Другої світової війни (спогади, долі людей, фронтове минуле); повоєнний час і друга половина ХХ століття (1970–1980-ті роки)
_zПодії розгортаються в Україні
653 _aКохання
655 _aПовість, соціально-психологічна проза
_vПовість, оповідання
942 _2udc
_cBK
999 _c17296
_d17296